| 000 | 00380nam a2200145Ia 4500 | ||
|---|---|---|---|
| 008 | 230312s9999||||xx |||||||||||||| ||und|| | ||
| 020 | _a1-60606-451-1 | ||
| 082 |
_a720.922 _bWIL-O |
||
| 100 | _aWilliams;Smith | ||
| 245 | 0 | _aOutside th the architecture of Smith and Williams | |
| 260 |
_bGetty _aUK _c2014 |
||
| 300 | _a191 | ||
| 650 |
_aArchitecture _vArchitecture |
||
| 942 | _cBK | ||
| 999 |
_c12721 _d12721 |
||